00497 2200169 4500001002100000005001500021035002000036007000300056008004100059020002200100100001800122245006900140260002900209300004600238650002300284650002000307INLIS00000000000063420221128110650 a0010-1122000228ta221128 0 ind  a978-623-7868-81-10 aPutra Perdana1 aSeri Rukun Iman: Utusan Allah yang Selalu Sabar /cPutra Perdana aJakarta :bLingkar Media a24 halaman :bilustrasi berwarna ;c20 cm 4aBacaan Anak Muslim 4aSeri Rukun Iman